000 00299nam a22001337a 4500
008 170613b xxu||||| |||| 00| 0 eng d
020 _a9780312132996
041 _aeng
080 _a324
100 _a19
101 _aSHP
245 _aTHE LATEST AMERICAN REVOLUTION?
_cWILCOX,C
942 _2udc
_cBK
999 _c17154
_d17154